| 000 | 01131cam a2200241 a 4500 | ||
|---|---|---|---|
| 001 | petercottontails00unic | ||
| 003 | CaSfIA | ||
| 005 | 20210118205947.0 | ||
| 007 | cr|||| | ||
| 008 | 930719s1992 xxk | 000 ||und|d | ||
| 020 | _a0881010650 | ||
| 035 | _a(UK-BiTAL)ed513f5f0df9467ba13b9ea42410bd52 | ||
| 035 | _a()0881010650 | ||
| 040 |
_aUK-BiTAL _cUK-BiTAL _dUK-BiTAL _dBIBLIOS _dCaSfIA |
||
| 245 | 1 | 0 |
_aPeter Cottontail's Surprise. _h[electronic resource] |
| 260 |
_bUnicorn House,U.S., _cApr 92, Ashford,Buchan & Enright. |
||
| 300 | _a25cm.44. Col.ill. | ||
| 856 | 4 | 1 |
_uhttp://www.archive.org/details/petercottontails00unic _zFree eBook from the Internet Archive |
| 856 | 4 | 2 |
_uhttp://www.openlibrary.org/books/OL20558015M _zAdditional information and access via Open Library |
| 942 | _cEB | ||
| 506 | _fНеобхідна авторизація на https://archive.org/ (створення облікового запису безкоштовно) | ||
| 506 | _fНеобхідна авторизація на https://openlibrary.org/ (створення облікового запису безкоштовно) | ||
| 999 |
_c536078 _d536078 |
||